| 000 | 01147 a2200241 4500 | ||
|---|---|---|---|
| 001 | 2162214035926770 | ||
| 003 | UA-OsUOA | ||
| 005 | 20260504123015.0 | ||
| 008 | 260504b un abo|| |||| 00| 0 ukr d | ||
| 020 | _a9786177607723 | ||
| 040 |
_aUA-OsUOA _cUA-OsUOA _dUA-OsUOA |
||
| 080 | _a821.161.2:94(477) | ||
| 090 |
_a821.161.2:94(477) _bП31 |
||
| 100 |
_aВолодимир Петрук _925162 |
||
| 245 |
_aДунай. Велика українська ріка _bСпогади [за 2014] та міркування [2017] _cПетрук В. |
||
| 260 |
_aЖитомир _bВидавець Євенок О. О. _c2018 |
||
| 300 | _a41 с. | ||
| 520 | _aРозповідь про подорож на Дунай у пошуках місця переправи Дарія під час походу на Скіфію. Проаналізовано роль Дунаю як кордону протягом тисячоліть. | ||
| 650 |
_a82 Література. Літературознавство _915 |
||
| 942 |
_cBK _2udc |
||
| 955 | _a3 | ||
| 999 |
_c580638 _d580638 |
||